01230nam a22002057a 450000500170000000800410001702000180005804000070007604100120008308200180009510000180011324500280013126000510015930000300021036500550024044000200029552006200031565000320093565000570096720250506093819.0250106b ||||| |||| 00| 0 eng d a9789388369039 cAL aEnglish 223a920bWONW aWonder House  aWorlds Greatest Writers bWonder House Booksc2024aNoida, Uttar Pradesh a160 p.bPBc19.5x12.5 cm. aHYD8-7023045b₹99.75c₹d₹798.00e17-12-2024 aWorlds Greatest aA meticulously researched book, which celebrates the achievements of prolific and influential writers who have inspired generations with their novels, poems, stories, plays and essays. Age appropriate content, fun facts and bold illustrations will appeal to the curiosity of young inquisitive minds and help them develop their reading skills and general knowledge. Contents: J. K. Rowling, Jane Austen, John Keats, John Lyly, John Milton, Lewis Carroll, Mark Twain, Oscar Wilde, Rabindranath Tagore, Sir Thomas Wyatt, T. S. Eliot, Virginia Woolf, W. B. Yeats, Walt Whitman, William Shakespeare, William Wordsworth. aChildren's Biography Comics aBiographies of Inspirational Personalities For Kids